Marqueses de Ayamonte - ¡Muerte súbita! - Estadísticas

Estadísticas generales
  • Esta prueba ha sido intentada 16 veces
  • La puntuación promedio es 2 de 12
Answers on the Grid
Answers color-coded by a green-red scale on the quiz's grid according to % correct below.
Francisco de Zúñiga y Pérez de Guzmán
Juan Pérez de Zúñiga y WIndsor
Pedro de Zúñiga y Manrique de Lara
Vicente Manuel Osorio de Mosocoso
Teresa de Zúñiga Guzmán y Manrique De Lara
Antonio Sotomayor de Guzmán y Zúñiga
Francisco Antonio Silvestre de Guzmán y Sotomayor
Baltasar de Zúñiga y Guzmán
Juan Palomo de Borbón-Dos Sicilias
Teresa Martínez de Urquijo
Luis María Osorio de Moscoso y Borbón
Melchor Álvarez Osorio Gómez Dávila y Guzmán Manrique de Zúñiga
Pedro Pérez de Zúñiga y Lorena
Felipe de Habsburgo
Vicente Joaquín Osorio de Moscoso
Vicente Pío Osorio de Moscoso
Francisco Baltasar Garzón de Guzmán y Zúñiga
Ramón Osorio de Moscoso y Taramona
Felipe de Borbón y Grecia
Fernando Barón y Osorio de Moscoso
Juana Zúñiga de Moscoso
Ramón Pérez de Ayala
María del Pilar Paloma de Casanova-Cárdenas y Barón
José Federico de Moscoso Y Taramona
 
Estadísticas de respuestas
Respuesta % Correcto
Pedro de Zúñiga y Manrique de Lara
75%
Francisco de Zúñiga y Pérez de Guzmán
50%
Baltasar de Zúñiga y Guzmán
25%
Teresa de Zúñiga Guzmán y Manrique De Lara
25%
Vicente Joaquín Osorio de Moscoso
25%
Fernando Barón y Osorio de Moscoso
0%
Francisco Antonio Silvestre de Guzmán y Sotomayor
0%
Luis María Osorio de Moscoso y Borbón
0%
María del Pilar Paloma de Casanova-Cárdenas y Barón
0%
Melchor Álvarez Osorio Gómez Dávila y Guzmán Manrique de Zúñiga
0%
Ramón Osorio de Moscoso y Taramona
0%
Vicente Pío Osorio de Moscoso
0%
No se encontraron pruebas coincidentes
Distribución de puntuación
Porcentaje de gente con cada puntuación
Porcentaje por número respondido
Historial de tus puntuaciones
No has intentado esta prueba.